| 000 | 00418nam a2200169Ia 4500 | ||
|---|---|---|---|
| 008 | 151213s9999 xx 000 0 und d | ||
| 020 | _a0-07-463820-3 | ||
| 100 | _aL. S. Parsonal | ||
| 245 |
_aAccounting Theory _cL. S. Parsonal |
||
| 250 | _a3rd | ||
| 260 |
_aNew Delhi _bTata mc Graw hill _c2001 |
||
| 300 | _a4695 p. | ||
| 650 | _aAccounting | ||
| 650 | _aAccounting | ||
| 700 | _aL. S. Parsonal | ||
| 999 |
_c3005 _d3005 |
||